Régimen jurídico del concubinato /
Introducción al derecho de familia que se compone de cuatro capítulos: El hecho social en Argentina; Regulación del concubinato, sanción a los concubinos, o abstención legistlativa; Actos jurídicos de los concubinos e Incidencia del concubinato en diversas relaciones jurídicas -sociedades entre conc...
Salvato in:
| Autore principale: | |
|---|---|
| Natura: | Libro |
| Lingua: | spagnolo |
| Pubblicazione: |
Buenos Aires, Argentina :
Astrea,
2003, c2003
|
| Edizione: | 4a edición |
| Soggetti: | |
| Tags: |
Nessun Tag, puoi essere il primo ad aggiungerne!!
|
MARC
| LEADER | 00000nam^a2200000^a^4500 | ||
|---|---|---|---|
| 001 | 000156905 | ||
| 005 | 20250521000000.0 | ||
| 009 | 20260310100521.622 | ||
| 020 | |a 950-508-020-6 | ||
| 037 | |a Acervo ITESO - Biblioteca | ||
| 041 | |a ESP | ||
| 082 | |a 346. 82016 |b BOS | ||
| 100 | |a Bossert, Gustavo A. |e (autor) | ||
| 245 | 1 | 0 | |a Régimen jurídico del concubinato / |c G.A. Bossert. |
| 250 | |a 4a edición | ||
| 264 | 4 | |a Buenos Aires, Argentina : |b Astrea, |c 2003, c2003 | |
| 300 | |a XXIII, 262 p. | ||
| 336 | |a texto |b txt |2 rdacontenido | ||
| 337 | |a sin mediación |b n |2 rdamedio | ||
| 338 | |a volumen |b nc |2 rdasoporte | ||
| 520 | |a Introducción al derecho de familia que se compone de cuatro capítulos: El hecho social en Argentina; Regulación del concubinato, sanción a los concubinos, o abstención legistlativa; Actos jurídicos de los concubinos e Incidencia del concubinato en diversas relaciones jurídicas -sociedades entre concubinos, simulación en la adquisición del bien a nombre del concubino, enriquecimiento sin causa, donaciones, legados, otras liberalidades, alimentos, renta vitalicia, indemnización por ruptura, proveedores del hogar común, indemnización a la concubina por muerte del concubino, desocupación del inmueble donde convive la pareja, indicencia en los derechos subjetivos familiares, derecho sucesorio, derecho procesal, derecho penal, derecho laboral, previsión social. | ||
| 649 | |a XX | ||
| 650 | |a Unión Libre - |z Argentina - |x Aspectos Jurídicos | ||
| 650 | |a Uniones de Hecho - |z Argentina - |x Aspectos Jurídicos | ||
| 650 | |a Relaciones de Pareja - |z Argentina - |x Aspectos Jurídicos | ||
| 650 | |a Relaciones Familiares - |z Argentina - |x Aspectos Jurídicos | ||
| 650 | |a Familia | ||
| 650 | |a Pensión Alimenticia - |z Argentina | ||
| 650 | |a Jubilaciones y Pensiones - |z Argentina - |x Aspectos Jurídicos | ||
| 650 | |a Indemnización Laboral - |z Argentina - |x Aspectos Jurídicos | ||
| 650 | |a Muerte - |z Argentina - |x Aspectos Jurídicos | ||
| 650 | |a Asistencia Social - |z Argentina - |x Aspectos Jurídicos | ||
| 650 | |a Derecho Sucesorio - |z Argentina | ||
| 650 | |a Derecho Patrimonial - |z Argentina | ||
| 650 | |a Derecho de Familia - |z Argentina | ||
| 650 | |a Derecho Civil - |z Argentina | ||
| 650 | |a Derecho Privado - |z Argentina | ||
| 650 | |a Derecho Penal - |z Argentina | ||
| 650 | |a Derecho Laboral - |z Argentina | ||
| 910 | |a Fondo General | ||
| 920 | |a Impresos - Libros | ||
| 930 | |a Colección General | ||
| 905 | |a 101 | ||
| 901 | |a 0500085334 |b IT1 |c ACC |u 20250521 | ||
| 902 | |a https://opac.biblio.iteso.mx/vufind/Record/000156905 | ||